Upper mantle project; (Record no. 82351)
[ view plain ]
| 000 -LEADER | |
|---|---|
| fixed length control field | 01089cam a22002531 4500 |
| 001 - CONTROL NUMBER | |
| control field | sa 68008306 |
| 003 - CONTROL NUMBER IDENTIFIER | |
| control field | DLC |
| 005 - DATE AND TIME OF LATEST TRANSACTION | |
| control field | 20260227112531.0 |
| 008 - FIXED-LENGTH DATA ELEMENTS--GENERAL INFORMATION | |
| fixed length control field | 830909s1965 ii b 000 0 eng |
| 010 ## - LIBRARY OF CONGRESS CONTROL NUMBER | |
| LC control number | sa 68008306 |
| 025 ## - OVERSEAS ACQUISITION NUMBER | |
| Overseas acquisition number | PL480:I-E-6503 |
| 035 ## - SYSTEM CONTROL NUMBER | |
| System control number | (OCoLC)9891995 |
| 040 ## - CATALOGING SOURCE | |
| Original cataloging agency | DLC |
| Transcribing agency | DSI |
| Modifying agency | DLC |
| 042 ## - AUTHENTICATION CODE | |
| Authentication code | premarc |
| 050 00 - LIBRARY OF CONGRESS CALL NUMBER | |
| Classification number | QE509 |
| Item number | .H9 |
| 110 1# - MAIN ENTRY--CORPORATE NAME | |
| Corporate name or jurisdiction name as entry element | Hyderabad (India). |
| Subordinate unit | Geophysics Research Board. |
| 245 10 - TITLE STATEMENT | |
| Title | Upper mantle project; |
| Remainder of title | progress report of the Republic of India. |
| Statement of responsibility, etc. | Compiled and issued by the Secretariat of the Geophysics Research Board, National Geophysical Research Board, National Geophysical Research Institute, Council of Scientific & Industrial Research. |
| 260 ## - PUBLICATION, DISTRIBUTION, ETC. | |
| Place of publication, distribution, etc. | Hyderabad, |
| Date of publication, distribution, etc. | 1965. |
| 300 ## - PHYSICAL DESCRIPTION | |
| Extent | iv, 45 p. |
| Dimensions | 33 cm. |
| 500 ## - GENERAL NOTE | |
| General note | At head of title: Geophysics Research Board. Indian National Committee for the International Union of Geodesy & Geophysics. |
| 504 ## - BIBLIOGRAPHY, ETC. NOTE | |
| Bibliography, etc. note | Includes bibliographies. |
| 610 20 - SUBJECT ADDED ENTRY--CORPORATE NAME | |
| Corporate name or jurisdiction name as entry element | International Upper Mantle Project. |
| 710 2# - ADDED ENTRY--CORPORATE NAME | |
| Corporate name or jurisdiction name as entry element | Indian National Committee for the International Union of Geodesy and Geophysics. |
No items available.